000 00243nam a2200097Ia 4500
001 722940
005 20250826163321.0
008 250824s9999 xx 000 0 und d
245 0 _aUZAY GÜZELİ
_cAYLA ÇINAROĞLU
260 _bUÇANBALIK YAYINLARI
999 _c722940
_d722940